000
00483nam a2200157Ia 4500
008
090124s9999 xx 000 0 und d
082
_b
112578
245
_a
अेकदाच अशी रात्र येते
250
_a
1
260
_c
1968
300
_a
164
630
_a
अेकदाच अशी रात्र येते
700
_a
किणीकर रॉय
730
_a
अेकदाच अशी रात्र येते
942
_c
BOOK
999
_c
158669
_d
158669